000 00501nam a2200193Ia 4500
005 20250423100803.0
008 250422s9999 xx 000 0 und d
020 _a1555422993
050 _aHD 31 .B613/
100 _aBolman, Lee G.
245 0 _aReframing organizations : artistry, choice and leadership
250 _a1st ed.
260 _aCalifornia
260 _bJossey-Bass
260 _c1991
300 _a492 p
650 _aManagement Organizational behavior Leadership
942 _cBK
999 _c34337
_d34337